000 00348nam a2200133Ia 4500
008 240624s9999 xx 000 0 und d
041 _aeng
082 _a332.75 SUB
100 _aSUBBULAKSHMI V
245 _aBANKRUPTCY FINANCING AN INTRODUCTION
260 _c2005
_aHyderabad
_bICFAI press
300 _avii, : 182 : p. : cm. ; 23
365 _cRS
_b50
999 _c6372
_d6372